<?xml version="1.0" encoding="UTF-8"?>
<record
    xmlns:xsi="http://www.w3.org/2001/XMLSchema-instance"
    xsi:schemaLocation="http://www.loc.gov/MARC21/slim http://www.loc.gov/standards/marcxml/schema/MARC21slim.xsd"
    xmlns="http://www.loc.gov/MARC21/slim">

  <leader>02651nam a2200289 a 4500</leader>
  <controlfield tag="001">000015136</controlfield>
  <controlfield tag="003">DO-SdBNP</controlfield>
  <controlfield tag="005">20231017095905.0</controlfield>
  <controlfield tag="008">100201s2006    dr      r     001 0 spa d</controlfield>
  <datafield tag="020" ind1=" " ind2=" ">
    <subfield code="a">9789945160802</subfield>
  </datafield>
  <datafield tag="040" ind1=" " ind2=" ">
    <subfield code="a">DO-SdBNP</subfield>
    <subfield code="b">spa</subfield>
    <subfield code="c">BPMSU</subfield>
  </datafield>
  <datafield tag="082" ind1=" " ind2="4">
    <subfield code="a">RD861.08</subfield>
    <subfield code="b">I61a 2006</subfield>
    <subfield code="2"> 22</subfield>
  </datafield>
  <datafield tag="245" ind1="0" ind2="0">
    <subfield code="a">A la intemperie :</subfield>
    <subfield code="b">antolog&#xED;a de poetas de la provincia El Seibo /</subfield>
    <subfield code="c">compilador Isael P&#xE9;rez.</subfield>
  </datafield>
  <datafield tag="260" ind1=" " ind2=" ">
    <subfield code="a">Santo Domingo :</subfield>
    <subfield code="b">Editora B&#xFA;ho,</subfield>
    <subfield code="c">2006.</subfield>
  </datafield>
  <datafield tag="300" ind1=" " ind2=" ">
    <subfield code="a">152 p. ;</subfield>
    <subfield code="c">22 cm.</subfield>
  </datafield>
  <datafield tag="500" ind1=" " ind2=" ">
    <subfield code="a">Incluye referencias bibliogr&#xE1;ficas y notas al pie de las p&#xE1;ginas</subfield>
  </datafield>
  <datafield tag="500" ind1=" " ind2=" ">
    <subfield code="a">Incluye datos biogr&#xE1;ficos del compilador  en la solapa de la cubierta </subfield>
  </datafield>
  <datafield tag="505" ind1="0" ind2=" ">
    <subfield code="a">Presentaci&#xF3;n -- &#xDA;ltima despedida /Rafael P&#xE9;rez de Castro -- A la virgen de La Altagracia / Servando Morel -- Don Servando / Le&#xF3;n Beras Zorrilla -- &#xBF;Por qu&#xE9;? / Jos&#xE9; Mar&#xED;a Beras Trinidad -- El buey / Quiterio Berroa Canelo -- Las campanas de mi idea / Sergio Augusto Beras -- Ensue&#xF1;o. Preludio espiritual / Valent&#xED;n Gir&#xF3; -- San Francisco de As&#xED;s entre los p&#xE1;jaros/ Emilio A. Morel -- Mariposas / Juan Jos&#xE9; S&#xE1;nchez -- Himno a la bandera / Pilar Constanzo -- Hallazgo / Rafael Augusto Zorrilla -- Deseos / Elo&#xED;na Constanzo -- Himno a la Sant&#xED;sima Cruz / V&#xED;ctor Bienvenido Beras -- Distancias / Miriam Beras Porrata -- Despedida / Pantol&#xED;n de Castro Beras -- &#xA1;Denuncia oh mar tus justas iras! / Enriquillo Evangelista -- Amor / Juan Dem&#xF3;stenes Cotes Morales -- No entiendon / Europa Delgado Marte -- Tus ojos / Milc&#xED;ades Tavarez Mercedes -- Vivencias / Portalatina Taveras -- Flagelum Dei / Juan Carlos Mieses -- Las bestias del olivo / Cecilio D&#xED;az Carela -- Amor / Rafael Peralta Romero -- De siglo a siglo / Liduvina Paulina -- La figura del Maestro /Agustina Febles Eusebio -- Acuarela / Aquiles Juli&#xE1;n -- El miedo / Francisco Evangelista Rivera -- Llanto seco / S&#xE9;lvido Candelaria -- La calle / Marcial Mota -- Ausencia de ti / Jos&#xE9; Joaqu&#xED;n Moreno Guzm&#xE1;n -- Amparo / Fernando Abad -- Poema 16 / Di&#xF3;genes Abreu -- Hechizos de la Hybris / Plinio Chah&#xED;n -- El lamento de Ulises / Carlos Roberto G&#xF3;mez Beras -- T&#xFA; me haces falta / Heriberto Paredes -- Palpitaci&#xF3;n del beso / Gabino Severino -- Eres / William Peguero Mora -- Ganas sucias / Vicente Beras -- Pasi&#xF3;n / Luis M. Amparo Rijo.</subfield>
  </datafield>
  <datafield tag="590" ind1=" " ind2=" ">
    <subfield code="a">Inventariado, 2023/VM</subfield>
  </datafield>
  <datafield tag="650" ind1=" " ind2="4">
    <subfield code="a">Poes&#xED;a dominicana</subfield>
    <subfield code="v">Colecciones</subfield>
  </datafield>
  <datafield tag="650" ind1=" " ind2="4">
    <subfield code="a">Poes&#xED;a dominicana</subfield>
    <subfield code="x">Antolog&#xED;a literaria</subfield>
  </datafield>
  <datafield tag="650" ind1=" " ind2="4">
    <subfield code="a">Literatura dominicana.</subfield>
  </datafield>
  <datafield tag="651" ind1=" " ind2="4">
    <subfield code="a">El Seibo (Rep&#xFA;blica Dominicana)</subfield>
    <subfield code="x">Antolog&#xED;a literaria</subfield>
  </datafield>
  <datafield tag="700" ind1="1" ind2=" ">
    <subfield code="a">P&#xE9;rez, Isael</subfield>
    <subfield code="e">comp. </subfield>
  </datafield>
  <datafield tag="910" ind1=" " ind2=" ">
    <subfield code="a">VMateo V. Control de calidad. </subfield>
  </datafield>
  <datafield tag="942" ind1=" " ind2=" ">
    <subfield code="2">ddc</subfield>
    <subfield code="c">BK</subfield>
  </datafield>
  <datafield tag="952" ind1=" " ind2=" ">
    <subfield code="0">0</subfield>
    <subfield code="1">0</subfield>
    <subfield code="2">ddc</subfield>
    <subfield code="4">0</subfield>
    <subfield code="7">0</subfield>
    <subfield code="8">CD</subfield>
    <subfield code="a">BPMET</subfield>
    <subfield code="b">BPMET</subfield>
    <subfield code="d">2017-10-31</subfield>
    <subfield code="e">Vladimir Polanco</subfield>
    <subfield code="l">0</subfield>
    <subfield code="o">BPMSU CD RD861.08 I61a 2006</subfield>
    <subfield code="p">BPMSU17100186</subfield>
    <subfield code="r">2017-10-31</subfield>
    <subfield code="w">2017-10-31</subfield>
    <subfield code="y">BK</subfield>
  </datafield>
  <datafield tag="952" ind1=" " ind2=" ">
    <subfield code="0">0</subfield>
    <subfield code="1">0</subfield>
    <subfield code="2">ddc</subfield>
    <subfield code="4">0</subfield>
    <subfield code="7">0</subfield>
    <subfield code="8">CD</subfield>
    <subfield code="a">BPMET</subfield>
    <subfield code="b">BPMET</subfield>
    <subfield code="d">2017-10-31</subfield>
    <subfield code="e">Vladimir Polanco</subfield>
    <subfield code="l">0</subfield>
    <subfield code="o">BPMSU CD RD861.08 I61a 2006</subfield>
    <subfield code="p">BPMSU17100187</subfield>
    <subfield code="r">2017-10-31</subfield>
    <subfield code="t">e.2</subfield>
    <subfield code="w">2017-10-31</subfield>
    <subfield code="y">BK</subfield>
  </datafield>
  <datafield tag="952" ind1=" " ind2=" ">
    <subfield code="0">0</subfield>
    <subfield code="1">0</subfield>
    <subfield code="2">ddc</subfield>
    <subfield code="4">0</subfield>
    <subfield code="7">0</subfield>
    <subfield code="8">CD</subfield>
    <subfield code="a">BPMET</subfield>
    <subfield code="b">BPMET</subfield>
    <subfield code="d">2017-10-31</subfield>
    <subfield code="e">COMPRA</subfield>
    <subfield code="l">0</subfield>
    <subfield code="o">BPMSU CD RD861.08 I61a 2006</subfield>
    <subfield code="p">BPMSU17100188</subfield>
    <subfield code="r">2017-10-31</subfield>
    <subfield code="t">e.3</subfield>
    <subfield code="w">2017-10-31</subfield>
    <subfield code="y">BK</subfield>
  </datafield>
  <datafield tag="999" ind1=" " ind2=" ">
    <subfield code="c">12730</subfield>
    <subfield code="d">12730</subfield>
  </datafield>
</record>
